LEADER 00864nam0 2200265 450 001 000024627 005 20090318112009.0 100 $a20090318d1982----km-y0itay50------ba 101 0 $aita 102 $aIT 105 $ay-------001yy 200 1 $aImprenditori e sindacati in Europa$estoria e prospettive della democrazia industriale$fSergio Turone 210 $aRoma ; Bari$cLaterza$d1982 215 $aVII, 303 p.$d18 cm 225 2 $aSaggi tascabili Laterza 410 0$12001$aSaggi tascabili Laterza 500 10$aImprenditori e sindacati in Europa$943909 610 1 $aSindacalismo$aEuropa$aStoria 676 $a335.8$v19 700 1$aTurone,$bSergio$0120501 801 0$aIT$bUNIPARTHENOPE$c20090318$gRICA$2UNIMARC 912 $a000024627 951 $a824/66$b4570$cNAVA2$d2009 996 $aImprenditori e sindacati in Europa$943909 997 $aUNIPARTHENOPE LEADER 01697nam0 22004453i 450 001 VAN0261614 005 20230719094721.401 017 70$2N$a9783662084021 100 $a20230719d1980 |0itac50 ba 101 $aeng 102 $aDE 105 $a|||| ||||| 200 1 $aLogic and structure$fDirk van Dalen 210 $aBerlin$cSpringer$d1980 215 $aix, 174 p.$d24 cm 410 1$1001VAN0024506$12001 $aUniversitext$1210 $aBerlin [etc]$cSpringer$d1930- 610 $aBasic model theory$9KW:K 610 $aComputability theory$9KW:K 610 $aFirst-order logic with natural deduction$9KW:K 610 $aGoedel's theorem$9KW:K 610 $aIntuitionistic logic and semantics$9KW:K 610 $aModel theory$9KW:K 610 $aNormalisation of first-order logic$9KW:K 610 $aPredicate logic$9KW:K 610 $aProof Theory$9KW:K 610 $aProofs$9KW:K 610 $aRecursive functions$9KW:K 610 $aSecond order logic$9KW:K 610 $aSet Theory$9KW:K 620 $dBerlin$3VANL000066 700 1$aDalen$bDirk van$3VANV039208$0535955 712 $aSpringer $3VANV108073$4650 801 $aIT$bSOL$c20240614$gRICA 856 4 $uhttps://doi.org/10.1007/978-3-662-08402-1$zE-book ? Accesso al full-text attraverso riconoscimento IP di Ateneo, proxy e/o Shibboleth 899 $aBIBLIOTECA DEL DIPARTIMENTO DI MATEMATICA E FISICA$1IT-CE0120$2VAN08 912 $fN 912 $aVAN0261614 950 $aBIBLIOTECA DEL DIPARTIMENTO DI MATEMATICA E FISICA$d08CONS e-book 6297 $e08eMF6297 20230727 996 $aLogic and structure$9925498 997 $aUNICAMPANIA